|
|
|
|
| LEADER |
00000cam a2200000 7i4500 |
| 001 |
0000003152 |
| 005 |
20050308.0 |
| 020 |
0 |
0 |
|a 9832031311
|
| 090 |
0 |
0 |
|a 005.1
|b JAM
|
| 100 |
0 |
0 |
|a Jamalludin Harun
|
| 245 |
1 |
0 |
|a Pembangunan perisian multimedia :
|b satu pendekatan sistematik
|c Jamalludin Harun, Baharuddin Aris, Zaidatun Tasir
|
| 260 |
0 |
0 |
|a Kuala Lumpur :
|b Venton Pub. ,
|c 2001
|
| 300 |
|
|
|a vii, 290ms. :
|b il. ;
|c 25cm.
|
| 650 |
0 |
0 |
|a Computer programs
|x Design and construction
|
| 650 |
0 |
0 |
|a Multimedia systems
|
| 700 |
0 |
1 |
|a Baharuddin Aris
|
| 700 |
0 |
1 |
|a Zaidatun Tasir
|
| 999 |
|
|
|a 0000005537
|b Monograph
|c Open Shelf
|e Default branch
|